[Event "Masters Tournament (MTO)"]
[Site "Biel, CH"]
[Date "2025.07.23"]
[Round "9"]
[White "Yang, Ray"]
[Black "Rappazzo, Johannes"]
[Result "1-0"]
[Board "23"]
[WhiteFideId "3220281"]
[BlackFideId "1340069"]
[WhiteTitle "FM"]
[BlackTitle "FM"]
[WhiteElo "2081"]
[BlackElo "2213"]
[WhiteTeam "AUS"]
[BlackTeam "SUI"]
[WhiteClock "1:29:20"]
[BlackClock "0:37:02"]
[Variant "Standard"]

1. d4 {[%clk 1:40:57]}  Nf6 {[%clk 1:40:56]} 2. c4 {[%clk 1:41:19]}  g6 {[%clk 1:41:22]} 3. g3 {[%clk 1:41:44]}  Bg7 {[%clk 1:41:48]} 4. Bg2 {[%clk 1:42:09]}  O-O {[%clk 1:42:13]} 5. Nc3 {[%clk 1:42:36]}  d6 {[%clk 1:42:38]} 6. Nf3 {[%clk 1:42:58]}  c5 {[%clk 1:43:04]} 7. d5 {[%clk 1:43:24]}  e6 {[%clk 1:43:25]} 8. O-O {[%clk 1:43:40]}  Re8 {[%clk 1:43:49]} 9. Bf4 {[%clk 1:43:26]}  e5 {[%clk 1:44:10]} 10. Bd2 {[%clk 1:43:06]}  e4 {[%clk 1:32:51]} 11. Ne1 {[%clk 1:35:22]}  Bf5 {[%clk 1:26:53]} 12. Nc2 {[%clk 1:40:28]}  Qd7 {[%clk 1:25:16]} 13. Re1 {[%clk 1:40:50]}  Bh3 {[%clk 1:23:01]} 14. Bh1 {[%clk 1:41:13]}  Ng4 {[%clk 1:06:06]} 15. Ne3 {[%clk 1:36:42]}  Bd4 {[%clk 1:04:32]} 16. Nxe4 {[%clk 1:32:44]}  Nxf2 {[%clk 0:57:32]} 17. Nxf2 {[%clk 1:32:28]}  Bxe3 {[%clk 0:48:49]} 18. Bxe3 {[%clk 1:32:51]}  Rxe3 {[%clk 0:49:16]} 19. Qd2 {[%clk 1:32:42]}  Re5 {[%clk 0:45:24]} 20. Qf4 {[%clk 1:29:22]}  Kg7 {[%clk 0:37:02]} 21. g4 {[%clk 1:29:20]} 1-0

[Event "Masters Tournament (MTO)"]
[Site "Biel, CH"]
[Date "2025.07.23"]
[Round "9"]
[White "Sowray, Peter J"]
[Black "Maria, Lia-Alexandra"]
[Result "1/2-1/2"]
[Board "24"]
[WhiteFideId "400971"]
[BlackFideId "1248952"]
[WhiteTitle "FM"]
[BlackTitle "WFM"]
[WhiteElo "2211"]
[BlackElo "2120"]
[WhiteTeam "ENG"]
[BlackTeam "ROU"]
[WhiteClock "0:24:12"]
[BlackClock "0:28:18"]
[Variant "Standard"]

1. d4 {[%clk 1:40:44]}  Nf6 {[%clk 1:40:44]} 2. Nf3 {[%clk 1:41:06]}  e6 {[%clk 1:40:47]} 3. Bg5 {[%clk 1:39:43]}  c5 {[%clk 1:39:11]} 4. e3 {[%clk 1:41:49]}  b6 {[%clk 1:37:57]} 5. d5 {[%clk 1:37:58]}  exd5 {[%clk 1:32:00]} 6. Nc3 {[%clk 1:39:22]}  Bb7 {[%clk 1:29:46]} 7. Nxd5 {[%clk 1:37:27]}  Bxd5 {[%clk 1:26:22]} 8. Bxf6 {[%clk 1:37:23]}  Qxf6 {[%clk 1:26:42]} 9. Qxd5 {[%clk 1:37:47]}  Nc6 {[%clk 1:24:55]} 10. Bc4 {[%clk 1:35:02]}  Be7 {[%clk 1:23:33]} 11. c3 {[%clk 1:31:46]}  Rd8 {[%clk 1:19:49]} 12. e4 {[%clk 1:25:37]}  O-O {[%clk 1:15:23]} 13. O-O {[%clk 1:24:54]}  Bd6 {[%clk 1:12:08]} 14. Rfe1 {[%clk 1:12:40]}  Be5 {[%clk 1:05:21]} 15. Rad1 {[%clk 1:14:05]}  Rfe8 {[%clk 1:01:09]} 16. Nxe5 {[%clk 1:10:04]}  Nxe5 {[%clk 0:57:04]} 17. Bb3 {[%clk 0:55:23]}  Re6 {[%clk 0:45:39]} 18. Qd2 {[%clk 0:57:43]}  c4 {[%clk 0:43:46]} 19. Bc2 {[%clk 0:58:07]}  Qh4 {[%clk 0:35:15]} 20. Qe3 {[%clk 0:49:24]}  Rf6 {[%clk 0:22:53]} 21. Qg3 {[%clk 0:43:32]}  Nf3+ {[%clk 0:27:41]} 22. gxf3 {[%clk 0:42:53]}  Rg6 {[%clk 0:28:06]} 23. e5 {[%clk 0:41:32]}  Rxg3+ {[%clk 0:28:06]} 24. hxg3 {[%clk 0:41:27]}  Qh5 {[%clk 0:24:34]} 25. Kg2 {[%clk 0:39:28]}  g6 {[%clk 0:22:44]} 26. Rd4 {[%clk 0:38:00]}  Re8 {[%clk 0:19:09]} 27. f4 {[%clk 0:35:59]}  f6 {[%clk 0:11:53]} 28. Rxd7 {[%clk 0:31:05]}  fxe5 {[%clk 0:14:44]} 29. Rh1 {[%clk 0:21:48]}  Qe2 {[%clk 0:14:29]} 30. Rdxh7 {[%clk 0:21:36]}  Qxc2 {[%clk 0:13:34]} 31. Rh8+ {[%clk 0:21:57]}  Kf7 {[%clk 0:13:52]} 32. R1h7+ {[%clk 0:22:25]}  Kf6 {[%clk 0:14:15]} 33. Rxe8 {[%clk 0:22:15]}  exf4 {[%clk 0:08:13]} 34. Rf8+ {[%clk 0:20:29]}  Ke6 {[%clk 0:08:24]} 35. Rxf4 {[%clk 0:19:59]}  Qxb2 {[%clk 0:08:36]} 36. Rxa7 {[%clk 0:17:54]}  Qxc3 {[%clk 0:08:27]} 37. Rc7 {[%clk 0:17:13]}  b5 {[%clk 0:08:29]} 38. a4 {[%clk 0:15:47]}  g5 {[%clk 0:04:17]} 39. Rf3 {[%clk 0:13:34]}  Qa5 {[%clk 0:06:05]} 40. Rc6+ {[%clk 0:11:09]}  Kd7 {[%clk 0:06:23]} 41. axb5 {[%clk 0:10:59]}  Qxb5 {[%clk 0:06:36]} 42. Rcf6 {[%clk 0:09:30]}  g4 {[%clk 0:02:45]} 43. R3f5 {[%clk 0:05:21]}  Qb7+ {[%clk 0:01:57]} 44. Kh2 {[%clk 0:05:38]}  Qb2 {[%clk 0:01:38]} 45. Rf4 {[%clk 0:03:26]}  c3 {[%clk 0:28:25]} 46. Rf7+ {[%clk 0:24:12]}  Ke6 {[%clk 0:28:18]} 1/2-1/2

[Event "Masters Tournament (MTO)"]
[Site "Biel, CH"]
[Date "2025.07.23"]
[Round "9"]
[White "Haugner, Jan"]
[Black "Ho, Carter"]
[Result "0-1"]
[Board "25"]
[WhiteFideId "24655244"]
[BlackFideId "30965292"]
[BlackTitle "CM"]
[WhiteElo "2066"]
[BlackElo "2208"]
[WhiteTeam "GER"]
[BlackTeam "USA"]
[WhiteClock "0:17:33"]
[BlackClock "0:29:35"]
[Variant "Standard"]

1. e4 {[%clk 1:40:57]}  c5 {[%clk 1:40:50]} 2. Nf3 {[%clk 1:41:23]}  e6 {[%clk 1:41:11]} 3. c3 {[%clk 1:41:49]}  Nf6 {[%clk 1:41:14]} 4. e5 {[%clk 1:42:15]}  Nd5 {[%clk 1:41:36]} 5. a3 {[%clk 1:42:41]}  d6 {[%clk 1:41:41]} 6. d4 {[%clk 1:43:05]}  cxd4 {[%clk 1:41:57]} 7. c4 {[%clk 1:43:32]}  Ne7 {[%clk 1:41:33]} 8. exd6 {[%clk 1:43:51]}  Qxd6 {[%clk 1:41:56]} 9. Nc3 {[%clk 1:44:07]}  Nbc6 {[%clk 1:41:16]} 10. Nb5 {[%clk 1:44:31]}  Qb8 {[%clk 1:41:14]} 11. Nbxd4 {[%clk 1:43:57]}  Nxd4 {[%clk 1:41:22]} 12. Qxd4 {[%clk 1:43:19]}  Nf5 {[%clk 1:40:50]} 13. Qc3 {[%clk 1:42:12]}  Qc7 {[%clk 1:40:11]} 14. g3 {[%clk 1:33:38]}  Be7 {[%clk 1:27:13]} 15. Bg2 {[%clk 1:29:24]}  O-O {[%clk 1:26:19]} 16. Bf4 {[%clk 1:25:15]}  Qb6 {[%clk 1:23:08]} 17. O-O {[%clk 1:23:35]}  Bf6 {[%clk 1:17:40]} 18. Be5 {[%clk 1:23:08]}  Bxe5 {[%clk 1:17:45]} 19. Qxe5 {[%clk 1:16:26]}  f6 {[%clk 1:05:35]} 20. Qc3 {[%clk 1:06:51]}  e5 {[%clk 1:05:47]} 21. b4 {[%clk 0:57:42]}  Be6 {[%clk 1:05:19]} 22. c5 {[%clk 0:56:58]}  Qc7 {[%clk 1:05:36]} 23. Rfd1 {[%clk 0:44:09]}  Rfd8 {[%clk 1:05:30]} 24. Qc2 {[%clk 0:41:37]}  g6 {[%clk 0:55:26]} 25. h4 {[%clk 0:32:09]}  Kg7 {[%clk 0:52:12]} 26. Rxd8 {[%clk 0:25:58]}  Rxd8 {[%clk 0:51:56]} 27. Rd1 {[%clk 0:26:23]}  e4 {[%clk 0:31:48]} 28. Nh2 {[%clk 0:08:25]}  Rxd1+ {[%clk 0:22:36]} 29. Qxd1 {[%clk 0:08:54]}  e3 {[%clk 0:21:11]} 30. Nf1 {[%clk 0:04:29]}  exf2+ {[%clk 0:08:24]} 31. Kxf2 {[%clk 0:04:51]}  Bc4 {[%clk 0:08:43]} 32. Qf3 {[%clk 0:01:55]}  Bxf1 {[%clk 0:08:47]} 33. Bxf1 {[%clk 0:02:17]}  b6 {[%clk 0:09:08]} 34. cxb6 {[%clk 0:00:51]}  Qxb6+ {[%clk 0:07:12]} 35. Kg2 {[%clk 0:00:56]}  Ne3+ {[%clk 0:06:51]} 36. Kh2 {[%clk 0:00:49]}  Qd4 {[%clk 0:04:33]} 37. Qb7+ {[%clk 0:00:45]}  Kh6 {[%clk 0:04:55]} 38. Qf3 {[%clk 0:00:44]}  f5 {[%clk 0:02:28]} 39. Bg2 {[%clk 0:00:37]}  Ng4+ {[%clk 0:01:19]} 40. Kh1 {[%clk 0:00:40]}  Ne5 {[%clk 0:01:05]} 41. Qf1 {[%clk 0:26:25]}  Qe3 {[%clk 0:28:21]} 42. Kh2 {[%clk 0:16:59]}  Ng4+ {[%clk 0:28:36]} 43. Kh3 {[%clk 0:17:16]}  Nf2+ {[%clk 0:28:45]} 44. Kh2 {[%clk 0:17:45]}  f4 {[%clk 0:28:48]} 45. gxf4 {[%clk 0:17:28]}  Ng4+ {[%clk 0:29:12]} 46. Kh1 {[%clk 0:17:33]}  Qg3 {[%clk 0:29:35]} 0-1

[Event "Masters Tournament (MTO)"]
[Site "Biel, CH"]
[Date "2025.07.23"]
[Round "9"]
[White "Kwiatkowski, Jakub"]
[Black "Sushanth Kamabathula"]
[Result "1/2-1/2"]
[Board "26"]
[WhiteFideId "1348736"]
[BlackFideId "25712667"]
[WhiteElo "2034"]
[BlackElo "2188"]
[WhiteTeam "SUI"]
[BlackTeam "IND"]
[WhiteClock "0:06:40"]
[BlackClock "0:14:38"]
[Variant "Standard"]

1. e4 {[%clk 1:40:53]}  c5 {[%clk 1:40:49]} 2. Nf3 {[%clk 1:41:14]}  d6 {[%clk 1:41:02]} 3. Bb5+ {[%clk 1:41:36]}  Nd7 {[%clk 1:40:54]} 4. Ba4 {[%clk 1:41:55]}  Ngf6 {[%clk 1:41:01]} 5. O-O {[%clk 1:42:11]}  a6 {[%clk 1:38:50]} 6. c4 {[%clk 1:42:33]}  g6 {[%clk 1:38:40]} 7. Nc3 {[%clk 1:42:55]}  Bg7 {[%clk 1:38:50]} 8. d3 {[%clk 1:39:50]}  O-O {[%clk 1:39:14]} 9. h3 {[%clk 1:40:12]}  Ne8 {[%clk 1:29:04]} 10. Be3 {[%clk 1:29:55]}  Nc7 {[%clk 1:28:48]} 11. d4 {[%clk 1:24:06]}  cxd4 {[%clk 1:20:33]} 12. Bxd4 {[%clk 1:21:57]}  Ne6 {[%clk 1:09:27]} 13. Bxg7 {[%clk 1:20:51]}  Kxg7 {[%clk 1:09:54]} 14. Bxd7 {[%clk 1:06:14]}  Bxd7 {[%clk 1:10:04]} 15. Nd4 {[%clk 1:06:35]}  Bc6 {[%clk 1:01:50]} 16. Nd5 {[%clk 0:56:24]}  Nc5 {[%clk 0:57:39]} 17. Re1 {[%clk 0:48:43]}  e5 {[%clk 0:56:48]} 18. b4 {[%clk 0:39:18]}  Bxd5 {[%clk 0:45:31]} 19. exd5 {[%clk 0:29:41]}  Nd7 {[%clk 0:45:51]} 20. Nb3 {[%clk 0:29:56]}  b6 {[%clk 0:42:47]} 21. Rc1 {[%clk 0:29:27]}  a5 {[%clk 0:39:07]} 22. a3 {[%clk 0:27:37]}  f5 {[%clk 0:36:32]} 23. Rc3 {[%clk 0:24:08]}  a4 {[%clk 0:35:25]} 24. Nc1 {[%clk 0:24:31]}  Qh4 {[%clk 0:34:15]} 25. Qd2 {[%clk 0:23:48]}  Nf6 {[%clk 0:32:11]} 26. f3 {[%clk 0:17:29]}  Rac8 {[%clk 0:32:24]} 27. Ne2 {[%clk 0:16:33]}  Rxc4 {[%clk 0:27:55]} 28. g3 {[%clk 0:15:08]}  Rxc3 {[%clk 0:27:20]} 29. gxh4 {[%clk 0:15:15]}  Rxf3 {[%clk 0:27:40]} 30. Nc3 {[%clk 0:10:10]}  Rxh3 {[%clk 0:27:10]} 31. Nb5 {[%clk 0:10:09]}  f4 {[%clk 0:21:33]} 32. Nxd6 {[%clk 0:09:32]}  f3 {[%clk 0:20:32]} 33. Rxe5 {[%clk 0:08:17]}  Ng4 {[%clk 0:19:30]} 34. Re7+ {[%clk 0:08:40]}  Kg8 {[%clk 0:19:48]} 35. Ne4 {[%clk 0:08:26]}  f2+ {[%clk 0:16:00]} 36. Nxf2 {[%clk 0:08:51]}  Rg3+ {[%clk 0:15:05]} 37. Kf1 {[%clk 0:08:23]}  Rxf2+ {[%clk 0:13:33]} 38. Qxf2 {[%clk 0:08:46]}  Nxf2 {[%clk 0:14:01]} 39. d6 {[%clk 0:08:20]}  Kf8 {[%clk 0:14:29]} 40. Kxf2 {[%clk 0:08:42]}  Rd3 {[%clk 0:14:38]} 41. Rxh7 {[%clk 0:06:40]} 1/2-1/2

[Event "Masters Tournament (MTO)"]
[Site "Biel, CH"]
[Date "2025.07.23"]
[Round "9"]
[White "Guretchii, Kirill"]
[Black "Vemparala, Nikash"]
[Result "0-1"]
[Board "27"]
[WhiteFideId "13911872"]
[BlackFideId "30960967"]
[BlackTitle "CM"]
[WhiteElo "2029"]
[BlackElo "2187"]
[WhiteTeam "MDA"]
[BlackTeam "USA"]
[WhiteClock "0:37:14"]
[BlackClock "0:18:21"]
[Variant "Standard"]

1. d4 {[%clk 1:40:34]}  d5 {[%clk 1:40:35]} 2. c4 {[%clk 1:40:22]}  e6 {[%clk 1:40:58]} 3. Nf3 {[%clk 1:40:46]}  h6 {[%clk 1:41:23]} 4. Nc3 {[%clk 1:41:09]}  Nf6 {[%clk 1:41:47]} 5. Bf4 {[%clk 1:41:32]}  Bd6 {[%clk 1:42:10]} 6. Bxd6 {[%clk 1:41:55]}  Qxd6 {[%clk 1:42:34]} 7. e3 {[%clk 1:42:18]}  O-O {[%clk 1:42:24]} 8. Rc1 {[%clk 1:42:39]}  Qe7 {[%clk 1:42:13]} 9. Bd3 {[%clk 1:40:18]}  dxc4 {[%clk 1:39:54]} 10. Bxc4 {[%clk 1:42:30]}  c5 {[%clk 1:39:51]} 11. O-O {[%clk 1:40:06]}  Nc6 {[%clk 1:26:42]} 12. Qe2 {[%clk 1:29:42]}  cxd4 {[%clk 1:23:39]} 13. exd4 {[%clk 1:27:47]}  Rd8 {[%clk 1:22:25]} 14. Rfd1 {[%clk 1:15:56]}  Nd5 {[%clk 1:09:00]} 15. a3 {[%clk 1:23:13]}  a6 {[%clk 0:56:13]} 16. Ba2 {[%clk 1:21:17]}  Nxc3 {[%clk 0:52:14]} 17. Rxc3 {[%clk 1:20:56]}  Bd7 {[%clk 0:47:50]} 18. Qe4 {[%clk 1:18:25]}  Be8 {[%clk 0:44:41]} 19. h4 {[%clk 1:17:28]}  Rd6 {[%clk 0:41:54]} 20. h5 {[%clk 1:16:05]}  Rad8 {[%clk 0:30:45]} 21. Re3 {[%clk 1:04:32]}  Qf6 {[%clk 0:38:23]} 22. Red3 {[%clk 1:04:17]}  Ne7 {[%clk 0:26:21]} 23. Ne5 {[%clk 0:56:23]}  Bc6 {[%clk 0:25:03]} 24. Nxc6 {[%clk 0:54:53]}  bxc6 {[%clk 0:24:37]} 25. Bc4 {[%clk 0:45:25]}  a5 {[%clk 0:23:54]} 26. Qe5 {[%clk 0:44:36]}  a4 {[%clk 0:17:11]} 27. g4 {[%clk 0:39:08]}  Nd5 {[%clk 0:17:22]} 28. Qxf6 {[%clk 0:37:22]}  gxf6 {[%clk 0:17:45]} 29. f3 {[%clk 0:35:31]}  Nb6 {[%clk 0:10:38]} 30. Rc3 {[%clk 0:28:55]}  c5 {[%clk 0:07:16]} 31. Bf1 {[%clk 0:28:17]}  cxd4 {[%clk 0:16:23]} 32. Rc5 {[%clk 0:26:52]}  e5 {[%clk 0:15:29]} 33. b3 {[%clk 0:24:24]}  axb3 {[%clk 0:14:22]} 34. Rb5 {[%clk 0:24:50]}  Nd5 {[%clk 0:13:12]} 35. Rxb3 {[%clk 0:25:11]}  Nf4 {[%clk 0:10:37]} 36. a4 {[%clk 0:24:49]}  Rc6 {[%clk 0:09:43]} 37. a5 {[%clk 0:24:16]}  Rc2 {[%clk 0:08:16]} 38. Ra3 {[%clk 0:24:10]}  Ra8 {[%clk 0:05:07]} 39. a6 {[%clk 0:24:16]}  Ra7 {[%clk 0:05:34]} 40. Rb1 {[%clk 0:23:16]}  d3 {[%clk 0:04:46]} 41. Bxd3 {[%clk 0:19:47]}  Nxd3 {[%clk 0:05:04]} 42. Rb7 {[%clk 0:19:59]}  Ra8 {[%clk 0:01:27]} 43. a7 {[%clk 0:20:22]}  Rb2 {[%clk 0:01:29]} 44. Rb8+ {[%clk 0:19:58]}  Raxb8 {[%clk 0:01:33]} 45. axb8=Q+ {[%clk 0:20:18]}  Rxb8 {[%clk 0:01:54]} 46. Rxd3 {[%clk 0:20:43]}  Rb2 {[%clk 0:02:13]} 47. Rd6 {[%clk 0:19:22]}  Kg7 {[%clk 0:02:08]} 48. Rc6 {[%clk 0:19:47]}  Ra2 {[%clk 0:02:28]} 49. Rb6 {[%clk 0:20:11]}  Rd2 {[%clk 0:02:40]} 50. Rc6 {[%clk 0:20:32]}  Re2 {[%clk 0:03:06]} 51. Kf1 {[%clk 0:20:52]}  Rb2 {[%clk 0:03:03]} 52. Ra6 {[%clk 0:20:37]}  Rb4 {[%clk 0:01:52]} 53. Kf2 {[%clk 0:21:07]}  f5 {[%clk 0:01:41]} 54. gxf5 {[%clk 0:15:08]}  Rf4 {[%clk 0:02:00]} 55. Kg3 {[%clk 0:14:54]}  Rxf5 {[%clk 0:02:25]} 56. Kg4 {[%clk 0:15:12]}  Rf4+ {[%clk 0:02:16]} 57. Kg3 {[%clk 0:15:35]}  Rf6 {[%clk 0:02:08]} 58. Ra5 {[%clk 0:15:42]}  Re6 {[%clk 0:27:46]} 59. Kg4 {[%clk 0:42:25]}  Kf6 {[%clk 0:27:17]} 60. Ra4 {[%clk 0:42:12]}  Rd6 {[%clk 0:27:11]} 61. Ra5 {[%clk 0:39:32]}  Rd4+ {[%clk 0:27:25]} 62. Kg3 {[%clk 0:39:58]}  Kf5 {[%clk 0:27:23]} 63. Ra7 {[%clk 0:39:03]}  f6 {[%clk 0:23:10]} 64. Rg7 {[%clk 0:39:06]}  Rd1 {[%clk 0:22:39]} 65. Kg2 {[%clk 0:39:25]}  Kf4 {[%clk 0:17:34]} 66. Rg4+ {[%clk 0:39:48]}  Ke3 {[%clk 0:17:44]} 67. Re4+ {[%clk 0:36:52]}  Kd3 {[%clk 0:18:03]} 68. Ra4 {[%clk 0:37:15]}  f5 {[%clk 0:15:24]} 69. Ra6 {[%clk 0:35:16]}  Ke3 {[%clk 0:14:51]} 70. Rxh6 {[%clk 0:34:17]}  Rd2+ {[%clk 0:15:18]} 71. Kg3 {[%clk 0:34:17]}  Rf2 {[%clk 0:15:40]} 72. Re6 {[%clk 0:34:26]}  Rxf3 {[%clk 0:16:05]} 73. Kh4 {[%clk 0:33:41]}  Kf4 {[%clk 0:15:19]} 74. h6 {[%clk 0:34:02]}  Rf1 {[%clk 0:15:26]} 75. Kh5 {[%clk 0:33:49]}  Rh1+ {[%clk 0:15:29]} 76. Kg6 {[%clk 0:31:49]}  e4 {[%clk 0:11:49]} 77. h7 {[%clk 0:34:40]}  e3 {[%clk 0:11:35]} 78. Kg7 {[%clk 0:35:08]}  Kf3 {[%clk 0:10:14]} 79. h8=Q {[%clk 0:34:43]}  Rxh8 {[%clk 0:10:39]} 80. Kxh8 {[%clk 0:35:11]}  f4 {[%clk 0:10:50]} 81. Kg7 {[%clk 0:35:37]}  Ke2 {[%clk 0:11:12]} 82. Kf6 {[%clk 0:35:23]}  f3 {[%clk 0:10:59]} 83. Ke5 {[%clk 0:35:12]}  f2 {[%clk 0:11:37]} 84. Kd4 {[%clk 0:36:12]}  f1=Q {[%clk 0:11:58]} 85. Rxe3+ {[%clk 0:36:36]}  Kd2 {[%clk 0:12:24]} 86. Re4 {[%clk 0:36:23]}  Qd3+ {[%clk 0:12:42]} 87. Ke5 {[%clk 0:36:49]}  Kc3 {[%clk 0:13:02]} 88. Kf4 {[%clk 0:37:12]}  Qf1+ {[%clk 0:13:17]} 89. Ke5 {[%clk 0:37:24]}  Qf3 {[%clk 0:13:22]} 90. Rf4 {[%clk 0:37:40]}  Qe3+ {[%clk 0:13:42]} 91. Re4 {[%clk 0:37:29]}  Qg5+ {[%clk 0:14:05]} 92. Ke6 {[%clk 0:37:22]}  Kd3 {[%clk 0:14:24]} 93. Re5 {[%clk 0:37:30]}  Qg8+ {[%clk 0:14:44]} 94. Kd7 {[%clk 0:37:42]}  Kd4 {[%clk 0:13:31]} 95. Re7 {[%clk 0:36:57]}  Kd5 {[%clk 0:13:07]} 96. Kc7 {[%clk 0:36:26]}  Qf8 {[%clk 0:11:38]} 97. Kd7 {[%clk 0:36:23]}  Qf6 {[%clk 0:15:36]} 98. Ke8 {[%clk 0:35:49]}  Qf5 {[%clk 0:15:28]} 99. Rf7 {[%clk 0:36:53]}  Qc8+ {[%clk 0:14:58]} 100. Ke7 {[%clk 0:36:51]}  Ke5 {[%clk 0:14:35]} 101. Rg7 {[%clk 0:36:06]}  Qc7+ {[%clk 0:15:46]} 102. Kf8 {[%clk 0:37:33]}  Qd8+ {[%clk 0:16:12]} 103. Kf7 {[%clk 0:37:59]}  Kf5 {[%clk 0:14:29]} 104. Rh7 {[%clk 0:36:34]}  Qd7+ {[%clk 0:16:52]} 105. Kg8 {[%clk 0:36:58]}  Qe8+ {[%clk 0:17:20]} 106. Kg7 {[%clk 0:37:23]}  Kg5 {[%clk 0:17:40]} 107. Rh1 {[%clk 0:36:29]}  Qd7+ {[%clk 0:17:59]} 108. Kh8 {[%clk 0:37:14]}  Qc8+ {[%clk 0:18:21]} 0-1

[Event "Masters Tournament (MTO)"]
[Site "Biel, CH"]
[Date "2025.07.23"]
[Round "9"]
[White "Yash Abhijit Patil"]
[Black "Anetov, Amirzhan"]
[Result "1-0"]
[Board "28"]
[WhiteFideId "25602110"]
[BlackFideId "13784951"]
[WhiteElo "2186"]
[BlackElo "1993"]
[WhiteTeam "IND"]
[BlackTeam "KAZ"]
[WhiteClock "0:54:11"]
[BlackClock "0:26:51"]
[Variant "Standard"]

1. d4 {[%clk 1:40:36]}  d5 {[%clk 1:40:54]} 2. Nf3 {[%clk 1:39:57]}  Nf6 {[%clk 1:41:09]} 3. g3 {[%clk 1:40:29]}  e6 {[%clk 1:41:09]} 4. Bg2 {[%clk 1:38:14]}  b5 {[%clk 1:40:01]} 5. O-O {[%clk 1:39:14]}  Bb7 {[%clk 1:40:09]} 6. b3 {[%clk 1:38:44]}  Nbd7 {[%clk 1:38:54]} 7. Nbd2 {[%clk 1:37:48]}  c5 {[%clk 1:39:51]} 8. dxc5 {[%clk 1:35:13]}  Bxc5 {[%clk 1:39:45]} 9. Bb2 {[%clk 1:30:29]}  O-O {[%clk 1:37:23]} 10. c4 {[%clk 1:29:18]}  bxc4 {[%clk 1:35:35]} 11. bxc4 {[%clk 1:35:13]}  dxc4 {[%clk 1:35:55]} 12. Nxc4 {[%clk 1:35:03]}  Qe7 {[%clk 1:27:05]} 13. Na5 {[%clk 1:23:43]}  Be4 {[%clk 1:25:20]} 14. Nd4 {[%clk 1:16:10]}  Bxg2 {[%clk 1:20:53]} 15. Kxg2 {[%clk 1:15:31]}  Ne5 {[%clk 1:18:58]} 16. Ndb3 {[%clk 1:11:50]}  Rfd8 {[%clk 1:14:49]} 17. Qc2 {[%clk 1:08:27]}  Bd6 {[%clk 1:12:30]} 18. Rac1 {[%clk 0:57:16]}  Qe8 {[%clk 1:03:04]} 19. Nb7 {[%clk 0:42:01]}  Qb5 {[%clk 0:51:18]} 20. Nxd8 {[%clk 1:04:05]}  Rxd8 {[%clk 0:51:39]} 21. Nd4 {[%clk 1:02:00]}  Qb7+ {[%clk 0:50:38]} 22. Kg1 {[%clk 0:59:59]}  h5 {[%clk 0:43:16]} 23. Ba1 {[%clk 0:53:37]}  Qa6 {[%clk 0:39:31]} 24. Nc6 {[%clk 0:55:12]}  Nxc6 {[%clk 0:37:20]} 25. Qxc6 {[%clk 0:53:45]}  Qxe2 {[%clk 0:36:59]} 26. Bxf6 {[%clk 0:55:57]}  gxf6 {[%clk 0:37:27]} 27. Rfd1 {[%clk 0:55:52]}  Qe5 {[%clk 0:37:50]} 28. Rc4 {[%clk 0:51:42]}  h4 {[%clk 0:27:52]} 29. Rxh4 {[%clk 0:54:51]}  Kg7 {[%clk 0:26:48]} 30. Rhd4 {[%clk 0:54:22]}  Rh8 {[%clk 0:26:51]} 31. Rg4+ {[%clk 0:54:11]} 1-0

[Event "Masters Tournament (MTO)"]
[Site "Biel, CH"]
[Date "2025.07.23"]
[Round "9"]
[White "Erne, Raphael"]
[Black "Saxena, Vihaan"]
[Result "1-0"]
[Board "29"]
[WhiteFideId "1341928"]
[BlackFideId "30997780"]
[WhiteElo "2164"]
[BlackElo "2031"]
[WhiteTeam "SUI"]
[BlackTeam "USA"]
[WhiteClock "0:05:47"]
[BlackClock "0:08:44"]
[Variant "Standard"]

1. c4 {[%clk 1:40:57]}  e6 {[%clk 1:39:35]} 2. g3 {[%clk 1:41:14]}  d5 {[%clk 1:39:54]} 3. Bg2 {[%clk 1:41:25]}  Nf6 {[%clk 1:39:50]} 4. Nf3 {[%clk 1:41:27]}  Be7 {[%clk 1:39:53]} 5. d4 {[%clk 1:41:39]}  O-O {[%clk 1:40:01]} 6. Qc2 {[%clk 1:41:34]}  c5 {[%clk 1:39:22]} 7. dxc5 {[%clk 1:41:17]}  Qa5+ {[%clk 1:39:34]} 8. Nbd2 {[%clk 1:41:27]}  Qxc5 {[%clk 1:38:16]} 9. a3 {[%clk 1:41:35]}  Qc7 {[%clk 1:27:33]} 10. b4 {[%clk 1:41:09]}  b6 {[%clk 1:23:44]} 11. Bb2 {[%clk 1:34:20]}  Bb7 {[%clk 1:20:33]} 12. Rc1 {[%clk 1:16:39]}  dxc4 {[%clk 1:12:34]} 13. Qxc4 {[%clk 1:15:22]}  Qxc4 {[%clk 1:12:04]} 14. Nxc4 {[%clk 1:14:53]}  Nbd7 {[%clk 1:05:12]} 15. O-O {[%clk 1:13:50]}  Rac8 {[%clk 0:56:08]} 16. Nfe5 {[%clk 0:57:30]}  Bxg2 {[%clk 0:39:09]} 17. Kxg2 {[%clk 0:57:43]}  a6 {[%clk 0:30:32]} 18. Nxd7 {[%clk 0:48:35]}  Nxd7 {[%clk 0:34:16]} 19. Rfd1 {[%clk 0:44:15]}  Rc7 {[%clk 0:29:09]} 20. Ne3 {[%clk 0:35:25]}  Rxc1 {[%clk 0:24:30]} 21. Rxc1 {[%clk 0:42:30]}  Bf6 {[%clk 0:22:25]} 22. Bxf6 {[%clk 0:41:53]}  Nxf6 {[%clk 0:22:45]} 23. Rc6 {[%clk 0:33:55]}  Rb8 {[%clk 0:22:01]} 24. Nc4 {[%clk 0:34:10]}  b5 {[%clk 0:13:52]} 25. Nd6 {[%clk 0:27:27]}  Ra8 {[%clk 0:21:11]} 26. Nb7 {[%clk 0:22:18]}  Nd7 {[%clk 0:17:24]} 27. f4 {[%clk 0:24:41]}  Kf8 {[%clk 0:12:03]} 28. Rc7 {[%clk 0:18:31]}  Ke8 {[%clk 0:13:20]} 29. Kf3 {[%clk 0:16:24]}  Rb8 {[%clk 0:12:34]} 30. e4 {[%clk 0:14:44]}  Ra8 {[%clk 0:11:34]} 31. e5 {[%clk 0:13:23]}  h6 {[%clk 0:09:24]} 32. h4 {[%clk 0:09:30]}  h5 {[%clk 0:09:37]} 33. g4 {[%clk 0:06:57]}  g6 {[%clk 0:09:49]} 34. Nd6+ {[%clk 0:05:43]}  Kd8 {[%clk 0:08:40]} 35. Rb7 {[%clk 0:05:59]}  Ke7 {[%clk 0:06:12]} 36. gxh5 {[%clk 0:04:56]}  gxh5 {[%clk 0:06:34]} 37. Ne4 {[%clk 0:03:34]}  Kd8 {[%clk 0:05:21]} 38. Nf6 {[%clk 0:03:18]}  Nxf6 {[%clk 0:05:13]} 39. exf6 {[%clk 0:03:45]}  Ke8 {[%clk 0:05:05]} 40. Ke4 {[%clk 0:03:19]}  Rd8 {[%clk 0:03:47]} 41. Re7+ {[%clk 0:21:33]}  Kf8 {[%clk 0:33:42]} 42. Ra7 {[%clk 0:21:56]}  Kg8 {[%clk 0:33:36]} 43. f5 {[%clk 0:13:41]}  exf5+ {[%clk 0:30:37]} 44. Kxf5 {[%clk 0:14:07]}  Rd5+ {[%clk 0:26:36]} 45. Ke4 {[%clk 0:14:22]}  Rd6 {[%clk 0:26:53]} 46. Ke5 {[%clk 0:14:18]}  Re6+ {[%clk 0:24:41]} 47. Kf5 {[%clk 0:06:32]}  Rc6 {[%clk 0:20:59]} 48. Ra8+ {[%clk 0:10:06]}  Kh7 {[%clk 0:17:45]} 49. Rf8 {[%clk 0:10:18]}  Rc7 {[%clk 0:17:52]} 50. Ke5 {[%clk 0:08:27]}  Ra7 {[%clk 0:10:28]} 51. Re8 {[%clk 0:07:46]}  Kg6 {[%clk 0:11:28]} 52. Rg8+ {[%clk 0:07:52]}  Kh7 {[%clk 0:11:13]} 53. Rg5 {[%clk 0:07:32]}  Kh6 {[%clk 0:11:10]} 54. Kd6 {[%clk 0:06:24]}  a5 {[%clk 0:11:10]} 55. Rxb5 {[%clk 0:05:14]}  axb4 {[%clk 0:11:34]} 56. axb4 {[%clk 0:04:13]}  Ra6+ {[%clk 0:09:51]} 57. Kc7 {[%clk 0:05:08]}  Rxf6 {[%clk 0:08:44]} 58. Rb6 {[%clk 0:04:35]}  Rxb6 {[%clk 0:09:37]} 59. Kxb6 {[%clk 0:05:14]}  Kg6 {[%clk 0:07:06]} 60. Kc5 {[%clk 0:04:02]}  Kf5 {[%clk 0:08:41]} 61. b5 {[%clk 0:01:29]}  Ke6 {[%clk 0:06:31]} 62. Kc6 {[%clk 0:04:36]}  f5 {[%clk 0:06:53]} 63. b6 {[%clk 0:05:03]}  f4 {[%clk 0:07:15]} 64. b7 {[%clk 0:04:49]}  Kf5 {[%clk 0:07:33]} 65. b8=Q {[%clk 0:05:48]}  Kg4 {[%clk 0:07:52]} 66. Qg8+ {[%clk 0:05:20]}  Kh3 {[%clk 0:07:57]} 67. Qf7 {[%clk 0:05:23]}  Kg3 {[%clk 0:07:46]} 68. Qxh5 {[%clk 0:05:46]}  f3 {[%clk 0:08:44]} 69. Qxf3+ {[%clk 0:05:47]} 1-0